Foro presidencial por la excelencia de la educación: situación y perspectiva del estudiante que ingresa por primera vez a la educación superior / (Registro nro. 24204)

Detalles MARC
000 -LEADER
fixed length control field 01261nam a22002057a 4500
003 - CONTROL NUMBER IDENTIFIER
control field DO-CoUTE
005 - DATE AND TIME OF LATEST TRANSACTION
control field 20260519135023.0
008 - FIXED-LENGTH DATA ELEMENTS--GENERAL INFORMATION
fixed length control field 260519b dr ||||| |||| 00| 0 spa d
040 ## - CATALOGING SOURCE
Original cataloging agency DO-CoUTE
Language of cataloging spa
Transcribing agency DO-CoUTE
082 ## - DEWEY DECIMAL CLASSIFICATION NUMBER
Classification number RD 370.97293D295s
110 ## - MAIN ENTRY--CORPORATE NAME
Corporate name or jurisdiction name as entry element Republica Dominicana
Subordinate unit Secretaría de Estado de Educación Superior, Ciencia y Tecnología
Relator term Autor
245 10 - TITLE STATEMENT
Title Foro presidencial por la excelencia de la educación: situación y perspectiva del estudiante que ingresa por primera vez a la educación superior /
260 ## - PUBLICATION, DISTRIBUTION, ETC.
Place of publication, distribution, etc. Santo Domingo :
Name of publisher, distributor, etc. Manatí
Date of publication, distribution, etc. 2007
300 ## - PHYSICAL DESCRIPTION
Extent 55 Paginas :
Dimensions 22cm,
504 ## - BIBLIOGRAPHY, ETC. NOTE
Bibliography, etc. note Incluye referencia bibliográfica e índice.
505 ## - FORMATTED CONTENTS NOTE
Formatted contents note Introducción Metodología del trabajo.-- Resultados de la encuesta.-- Análisis FODA.-- Conclusiones y recomendaciones.-- Anexo 1: Lista de las bibliotecas universitarias que contestaron la encuesta.-- Anexo 2: Lista de participantes de la sección de los grupos focales.-- Anexo 3: Foro Presidencial por la Excelencia de la Educación Mesa de trabajo No. 31-- Anexó 4: Situación y perspectivas de la administración de la Educación Superior.
650 ## - SUBJECT ADDED ENTRY--TOPICAL TERM
Topical term or geographic name entry element Foro
710 1# - ADDED ENTRY--CORPORATE NAME
Corporate name or jurisdiction name as entry element Universidad Acción Pro-Educación y Cultura UNAPEC (República Dominicana)
942 ## - ADDED ENTRY ELEMENTS (KOHA)
Source of classification or shelving scheme Dewey Decimal Classification
Koha item type Libros
Existencias
Withdrawn status Lost status Source of classification or shelving scheme Damaged status Not for loan Collection code Home library Current library Shelving location Date acquired Inventory number Total Checkouts Full call number Barcode Date last seen Copy number Price effective from Koha item type
    Dewey Decimal Classification     Colección Dominicana Biblioteca UTECO Biblioteca UTECO En Estantería 05/19/2026 023376   RD 370.97293D295s 023376 05/19/2026 Ej.1 05/19/2026 Libros
    Dewey Decimal Classification     Colección Dominicana Biblioteca UTECO Biblioteca UTECO En Estantería 05/28/2026 023378   RD 370.97293D295s 023378 05/28/2026 Ej.2 05/28/2026 Libros
© 2021 Derechos Reservados UTECO - Teléfono: +1 809-585-2291 - Correo electrónico: biblioteca@uteco.edu.do​  
Código postal 43000 ​​
Dirección: Avenida Universitaria No. 100, 
Cotuí, Provincia Sánchez Ramírez, República Dominicana - RNC: 404-00059-6